<?xml version="1.0" encoding="UTF-8"?><marc:collection xmlns:marc="http://www.loc.gov/MARC21/slim">
  <marc:record>
    <marc:leader>00000nas  2200000zi 4500</marc:leader>
    <marc:controlfield tag="001">9.883320</marc:controlfield>
    <marc:controlfield tag="003">CaOODSP</marc:controlfield>
    <marc:controlfield tag="005">20221107170532</marc:controlfield>
    <marc:controlfield tag="006">m     o  d f      </marc:controlfield>
    <marc:controlfield tag="007">cr |||||||||||</marc:controlfield>
    <marc:controlfield tag="008">200106d19992000qucar p o    f0   b0fre|d</marc:controlfield>
    <marc:datafield tag="040" ind1=" " ind2=" ">
      <marc:subfield code="a">CaOODSP</marc:subfield>
      <marc:subfield code="b">fre</marc:subfield>
      <marc:subfield code="e">rda</marc:subfield>
      <marc:subfield code="c">CaOODSP</marc:subfield>
    </marc:datafield>
    <marc:datafield tag="043" ind1=" " ind2=" ">
      <marc:subfield code="a">n-cn---</marc:subfield>
    </marc:datafield>
    <marc:datafield tag="086" ind1="1" ind2=" ">
      <marc:subfield code="a">En81-3/1F-PDF</marc:subfield>
    </marc:datafield>
    <marc:datafield tag="110" ind1="1" ind2=" ">
      <marc:subfield code="a">Canada. </marc:subfield>
      <marc:subfield code="b">Environnement Canada.</marc:subfield>
    </marc:datafield>
    <marc:datafield tag="245" ind1="1" ind2="0">
      <marc:subfield code="a">Loi canadienne sur la protection de l'environnement : </marc:subfield>
      <marc:subfield code="c">LCPE, rapport annuel pour la période … </marc:subfield>
    </marc:datafield>
    <marc:datafield tag="264" ind1=" " ind2="1">
      <marc:subfield code="a">[Gatineau, Québec] : </marc:subfield>
      <marc:subfield code="b">Environnement Canada = Environment Canada, </marc:subfield>
      <marc:subfield code="c">[1999-2001]</marc:subfield>
    </marc:datafield>
    <marc:datafield tag="310" ind1=" " ind2=" ">
      <marc:subfield code="a">Annuel</marc:subfield>
    </marc:datafield>
    <marc:datafield tag="336" ind1=" " ind2=" ">
      <marc:subfield code="a">texte</marc:subfield>
      <marc:subfield code="b">txt</marc:subfield>
      <marc:subfield code="2">rdacontent/fre</marc:subfield>
    </marc:datafield>
    <marc:datafield tag="337" ind1=" " ind2=" ">
      <marc:subfield code="a">informatique</marc:subfield>
      <marc:subfield code="b">c</marc:subfield>
      <marc:subfield code="2">rdamedia/fre</marc:subfield>
    </marc:datafield>
    <marc:datafield tag="338" ind1=" " ind2=" ">
      <marc:subfield code="a">ressource en ligne</marc:subfield>
      <marc:subfield code="b">cr</marc:subfield>
      <marc:subfield code="2">rdacarrier/fre</marc:subfield>
    </marc:datafield>
    <marc:datafield tag="362" ind1="1" ind2=" ">
      <marc:subfield code="a">Paraît depuis avril 1998 à mars 1999; ne paraît plus après avril 1999 à mars 2000.</marc:subfield>
    </marc:datafield>
    <marc:datafield tag="500" ind1=" " ind2=" ">
      <marc:subfield code="a">Publié aussi en anglais sous le titre : Canadian Environmental Protection Act, annual report.</marc:subfield>
    </marc:datafield>
    <marc:datafield tag="515" ind1=" " ind2=" ">
      <marc:subfield code="a">L'année d'activité se termine le 31 mars.</marc:subfield>
    </marc:datafield>
    <marc:datafield tag="520" ind1="3" ind2=" ">
      <marc:subfield code="a">Porte sur l’administration et l’application de la Loi au cours de l’exercice visé.</marc:subfield>
    </marc:datafield>
    <marc:datafield tag="588" ind1=" " ind2=" ">
      <marc:subfield code="a">Description d'après : avril 1998 à mars 1999.</marc:subfield>
    </marc:datafield>
    <marc:datafield tag="588" ind1=" " ind2=" ">
      <marc:subfield code="a">Dernière livraison consultée : avril 1999 à mars 2000.</marc:subfield>
    </marc:datafield>
    <marc:datafield tag="610" ind1="1" ind2="6">
      <marc:subfield code="a">Canada. </marc:subfield>
      <marc:subfield code="t">Loi canadienne sur la protection de l'environnement, 1999</marc:subfield>
      <marc:subfield code="v">Périodiques.</marc:subfield>
    </marc:datafield>
    <marc:datafield tag="650" ind1=" " ind2="6">
      <marc:subfield code="a">Environnement</marc:subfield>
      <marc:subfield code="x">Droit</marc:subfield>
      <marc:subfield code="z">Canada</marc:subfield>
      <marc:subfield code="v">Périodiques.</marc:subfield>
    </marc:datafield>
    <marc:datafield tag="650" ind1=" " ind2="6">
      <marc:subfield code="a">Environnement</marc:subfield>
      <marc:subfield code="x">Protection</marc:subfield>
      <marc:subfield code="z">Canada</marc:subfield>
      <marc:subfield code="v">Périodiques.</marc:subfield>
    </marc:datafield>
    <marc:datafield tag="775" ind1="0" ind2="8">
      <marc:subfield code="t">Canadian Environmental Protection Act : </marc:subfield>
      <marc:subfield code="w">(CaOODSP)9.883312</marc:subfield>
    </marc:datafield>
    <marc:datafield tag="785" ind1="0" ind2="0">
      <marc:subfield code="t">Loi canadienne sur la protection de l'environnement, 1999 : </marc:subfield>
      <marc:subfield code="w">(CaOODSP)9.502184</marc:subfield>
    </marc:datafield>
  </marc:record>
</marc:collection>
